Finite element procedures in engineering analysis / (Record no. 182368)
[ view plain ]
| 000 -LEADER | |
|---|---|
| fixed length control field | 00855 a2200217 4500 |
| 003 - CONTROL NUMBER IDENTIFIER | |
| control field | Nust |
| 005 - DATE AND TIME OF LATEST TRANSACTION | |
| control field | 20230919135330.0 |
| 010 ## - LIBRARY OF CONGRESS CONTROL NUMBER | |
| LC control number | 81012067 |
| 020 ## - INTERNATIONAL STANDARD BOOK NUMBER | |
| International Standard Book Number | 0133173054 |
| 040 ## - CATALOGING SOURCE | |
| Transcribing agency | Nust |
| 082 00 - DEWEY DECIMAL CLASSIFICATION NUMBER | |
| Classification number | 620.0042,BAT |
| 100 1# - MAIN ENTRY--PERSONAL NAME | |
| Personal name | Bathe, Klaus-Jorgen. |
| 9 (RLIN) | 100874 |
| 245 10 - TITLE STATEMENT | |
| Title | Finite element procedures in engineering analysis / |
| Statement of responsibility, etc. | Klaus-Jorgen Bathe. |
| 260 ## - PUBLICATION, DISTRIBUTION, ETC. | |
| Place of publication, distribution, etc. | Englewood Cliffs, N.J. : |
| Name of publisher, distributor, etc. | Prentice-Hall, |
| Date of publication, distribution, etc. | c1982. |
| 300 ## - PHYSICAL DESCRIPTION | |
| Extent | xiii, 735 p. : |
| Other physical details | ill. ; |
| Dimensions | 24 cm. |
| 440 #0 - SERIES STATEMENT/ADDED ENTRY--TITLE | |
| Title | Prentice-Hall civil engineering and engineering mechanics series |
| 9 (RLIN) | 100875 |
| 505 ## - FORMATTED CONTENTS NOTE | |
| Formatted contents note | Matrices And Linear Algebra (Page-1), The Finite Element Method (Page-65), Solution Of Finite Element Equilibrium Equations (Page-431), Implementation Of The Finite Element Method (Page-697). |
| 650 #0 - SUBJECT ADDED ENTRY--TOPICAL TERM | |
| Topical term or geographic name entry element | Engineering mathematics. |
| 650 #0 - SUBJECT ADDED ENTRY--TOPICAL TERM | |
| Topical term or geographic name entry element | Finite element method. |
| 942 ## - ADDED ENTRY ELEMENTS (KOHA) | |
| Source of classification or shelving scheme | |
| Koha item type | Book |
| Withdrawn status | Lost status | Source of classification or shelving scheme | Damaged status | Not for loan | Permanent Location | Current Location | Shelving location | Date acquired | Full call number | Barcode | Date last seen | Price effective from | Koha item type | Public note |
|---|---|---|---|---|---|---|---|---|---|---|---|---|---|---|
| Military College of Signals (MCS) | Military College of Signals (MCS) | General Stacks | 12/12/2016 | 620.0042,BAT | MCS6533 | 12/08/2016 | 12/12/2016 | Book | Almirah No.26, Shelf No.6 |
